| 000 | 00655nam a2200181Ia 4500 | ||
|---|---|---|---|
| 003 | IN-BaIIA | ||
| 008 | 211028s9999 xx 000 0 eng d | ||
| 020 | _a3-7186-5447-4 | ||
| 040 | _cIIA Library | ||
| 080 |
_a047.1:524 _bBAR |
||
| 100 |
_aBaranov, V. B. _921466 |
||
| 245 | 0 |
_aAstrophysics and spacephysics reviews _bvol. 8, pt. 5, gas dynamics of solar wind interaction with interstellar gas, theory _cV. B. Baranov |
|
| 260 |
_aU.K. _bHarwood Academic Publishers _c1989 |
||
| 300 | _a53p. | ||
| 490 | _aSoviet Scientific Reviews/Section E | ||
| 650 |
_aAstrophysics, Space physics _921467 |
||
| 942 | _cBK | ||
| 999 |
_c12277 _d12277 |
||